| 000 | 01037cam a2200313 a 4500 | ||
|---|---|---|---|
| 001 | 12353763 | ||
| 003 | Ke-BoTe | ||
| 005 | 20211101145753.0 | ||
| 008 | 010321s1999 okua 000 0aeng d | ||
| 010 | _a 2001267478 | ||
| 020 | _a1562925997 | ||
| 035 | _a(OCoLC)ocm42681177 | ||
| 040 |
_aOEM _cOEM _dDLC |
||
| 042 | _alccopycat | ||
| 043 | _an-us-tx | ||
| 050 | 0 | 0 |
_aBJ1533.C8 _bE34 1999 |
| 082 | 0 | 0 |
_a242 _221 |
| 245 | 0 | 0 |
_aEggstra courage for the chicken hearted : _bmore heartfelt stories to encourage confident living / _c Becky Freeman ... [et al.]. |
| 260 |
_aTulsa, Okla. : _bHonor Books, _cc1999. |
||
| 300 |
_a237 p. : _bill. ; _c22 cm. |
||
| 650 | 0 |
_aCourage. _9169 |
|
| 650 | 0 |
_aConduct of life. _9167 |
|
| 650 | 0 |
_aFamilies _zTexas _vAnecdotes. _9170 |
|
| 650 | 0 |
_aFamilies _zTexas _xReligious life. _9171 |
|
| 700 | 1 |
_aJohnson, Becky Freeman, _d1959- _9172 |
|
| 906 |
_a7 _bcbc _ccopycat _d2 _encip _f20 _gy-gencatlg |
||
| 942 |
_2lcc _cBK _n0 |
||
| 999 |
_c47 _d47 |
||